000
00318nam a2200133Ia 4500
008
231129s1965||||xx |||||||||||||| ||spa||
040
_b
spa
082
_a
R 363.2440202 G286m
100
_a
Gayet Jean
245
0
_a
Manual de la policia cientifica
260
_c
1965
264
_a
Ediciones Zeus.
942
_2
ddc
_c
BKS
999
_c
20391
_d
20391